| 000 | 00936nam a2200253 a 4500 | ||
|---|---|---|---|
| 001 | 83751 | ||
| 003 | BD-RjUL | ||
| 005 | 20240515122020.0 | ||
| 008 | 240515s2006 bg a|||| m||| 00| 0 eng d | ||
| 035 | _a(BD-RjUL)83751 | ||
| 040 |
_aBD-RjUL _beng _cBD-RjUL _dBD-RjUL |
||
| 041 | _aeng | ||
| 082 |
_223 _a579.23 _bISS 2006 |
||
| 100 |
_aIslam, Md. Rafiqul _91188 |
||
| 245 | 1 | 0 |
_aStudies on Fungal Flora of Poultry Feed and Their Control / _cBy Md. Rafiqul Islam ; _6Supervisor : M Shah Alam, Supervisor : M. Shahidul Alam |
| 260 |
_aRajshahi : _bDepartment of Botany, University of Rajshahi, _c2006 |
||
| 300 |
_avii, 212 Leaves : _bill, ; _c29 cm. |
||
| 502 | _aThesisi (Ph. D.) -- Department of Botany, University of Rajshahi, 2006 | ||
| 504 | _aReferences : Leaves [200]-212 | ||
| 650 |
_aFungal _vPoultry Feed _913022 |
||
| 700 | _aAlam, M Shah, Supervisor | ||
| 700 |
_aAlam, M. Shahidul, Supervisor _95797 |
||
| 942 |
_2ddc _cTHE |
||
| 999 |
_c83751 _d83751 |
||